000 00827nam a2200241Ia 4500
003 OSt
005 20221005113325.0
006 a|||||r|||| 00| 0
007 ta
008 221004b |||||||| |||| 00| 0 pan d
020 _a9788130203126 (hbk)
_c400
024 _a26519
037 _b975, 16/12/2015, H.K. Prakashan
_cTextual
040 _aCRL
_cCRL
_bpan
041 _2pan
_apan
082 _a4:(P153), 153Q4
100 _aਕੌਰ, ਜਸਬੀਰ, ਥਦ.
245 0 _aਪੰਜਾਬੀ ਸਮਾਜ ਅਤੇ ਮੀਡੀਆ
260 _aਪਟਿਆਲਾ
_bਪਬਲੀਕੇFਨ ਬਿਊਰੋ ਭਾਰਤ
_c2014
300 _a402ਪੰ
_ccm.
942 _h4:(P153), 153Q4
_cTEXL
_2cc
999 _c1027801
_d1027801